Cluedo version Simpsons ou pas (mort subite) - Statistiques

Statistiques générales
  • Ce quiz a été pris 105 fois
  • Le résultat moyen est 3 sur 22
Answers on the Grid
Answers color-coded by a green-red scale on the quiz's grid according to % correct below.
Maggie
Smithers
Bart
Flanders
Burns
Tahiti Bob
Marge
Abraham
Lisa
Krusty le clown
Otto Bus
Homer
Crosse de hockey
Gant de boxe extensible
Ouvre boîte
Donut empoisonné
Maison des Simpson
Lance-pierres
Collier
Restaurant "Au Frying Dutchman"
Saxophone
Manoir de Burns
Barre de plutonium
Donjon de l'Androïde
Tire-bouchon
Magasin de Flanders
Stylo
Prison
Rouleau à pâtisserie
Centrale Nucléaire
Mairie
Cinéma
Supermarché Kwik-E-Mart
Bowling de Barney
Patinoire
Piano à queue
Salle de billard d'Apu
Maison de retraite de Springfield
Bar de Moe
Ecole de Lisa
Hôpital
Studios Krustylu
 
Statistiques - réponses
Réponse % Correct
Smithers
40%
Bart
38%
Lisa
28%
Donut empoisonné
22%
Lance-pierres
20%
Marge
20%
Saxophone
18%
Homer
17%
Maison des Simpson
15%
Ouvre boîte
15%
Barre de plutonium
13%
Restaurant "Au Frying Dutchman"
13%
Collier
10%
Gant de boxe extensible
10%
Donjon de l'Androïde
8%
Krusty le clown
8%
Bowling de Barney
7%
Centrale Nucléaire
7%
Manoir de Burns
7%
Maison de retraite de Springfield
3%
Supermarché Kwik-E-Mart
3%
Studios Krustylu
2%
Aucun quiz correspondant
Distribution des résultats
% des personnes avec chaque résultat
Percentile par nombre de réponses
Votre historique - résultats
Vous n’avez pas pris ce quiz